| 000 | 00492nam a2200181Ia 4500 | ||
|---|---|---|---|
| 008 | 191130s2008##################000#0#eng## | ||
| 020 | _a9788183761697 | ||
| 040 |
_aACL _cACL |
||
| 082 | _a338.954 AGA | ||
| 100 | _aAgarwal, Babita | ||
| 245 |
_aEconomic reforms in India : an overview _cBabita Agarwal |
||
| 260 |
_aJaipur _bABD Publisher _c2008 |
||
| 300 | _a279 p., 23 cm | ||
| 650 | _aEconomics | ||
| 990 | _a859d15d8ac10000c4ca0a94212712b13 | ||
| 991 | _a197145 | ||
| 999 |
_c156369 _d156369 |
||